Ako tvoriť program kvality cestovného ruchu na Slovensku?

Návrh programu kvality pre cestovný ruch na Slovensku. Program by mal zodpovedať Národnému programu kvality, ktorý vyhlasuje Ministerstvo hospodárstva SR. Ciele a nástroje programu kvality cestovného ruchu. Osveta a nefinančná pomoc. Podpora zavádzania systémov kvality v podnikoch a cieľových miest...

Description complète

Enregistré dans:
Détails bibliographiques
Auteur principal: Šípková, Ivana
Format: Chapitre de livre
Langue:slovaque
Sujets:
Tags: Ajouter un tag
Pas de tags, Soyez le premier à ajouter un tag!

MARC

LEADER 00000naa$a2200000$$$4500
001 0001580
005 20230724111708.0
041 0 |a slo 
044 |a SK 
245 1 0 |a Ako tvoriť program kvality cestovného ruchu na Slovensku?  |c aut. Ivana Šípková 
520 |a Návrh programu kvality pre cestovný ruch na Slovensku. Program by mal zodpovedať Národnému programu kvality, ktorý vyhlasuje Ministerstvo hospodárstva SR. Ciele a nástroje programu kvality cestovného ruchu. Osveta a nefinančná pomoc. Podpora zavádzania systémov kvality v podnikoch a cieľových miestach cestovného ruchu. Zoznam ukazovateľov kvality a procesu zlepšovania kvality pre cieľové miesta. Financovanie programu kvality. 
610 2 0 |a ruch cestovný 
610 2 0 |a kvalita 
610 2 0 |a programy 
610 2 0 |a systémy kvality 
610 2 0 |a Slovensko 
100 1 |a Šípková, Ivana